000 00918cab a2200241 4500
001 ABS50315
008 090401t1994 xxu||||| |||| 00| 0 eng d
035 _a(Sirsi) u75262
041 _aeng
100 _aLowcay, Q.J.
245 _aRent reviews- how arbitrators should view evidence from other rent reviews
260 _c1994
350 _a0
490 _aNew Zealand Valuers` Journal
_vMarch 1994, 35-36(2)
520 _aLooks at the commercial property market in relation to New Zealand, and examines issues affecting it, such as rental arbitration, the nature of evidence required, quality of evidence from other settlements, and quality of other arbitration awards.
650 _aLAND SECURITIES PLC V WESTMINSTER CC
650 _aNEW ZEALAND
650 _aPONSFORD V HMS AEROSOLS LTD
650 _aRENT REVIEWS
690 _aLANDLORD AND TENANT-RENT REVIEWS
942 _n0
948 _c04/03/1997
999 _c47415
_d47415